Crítica de la poesia mestiza: una incursión en la memoria colectiva del hombre hispanoamericano

Saved in:
Bibliografiske detaljer
Hovedforfatter: Lora Risco, Alejandro (autor)
Format: Bog
Sprog:spansk
Udgivet: Santiago Academia Superior de Ciencias Pedagógicas 1982
Fag:
Tags: Tilføj Tag
Ingen Tags, Vær først til at tagge denne postø!

MARC

LEADER 00000nam a2200000 a 4500
001 UCX8073
003 CL-VaPUC
008 940121e19820000CL |||||||||||||||||spa|d
082 0 4 |a H861.09  |b LOR  |2 21 
100 |a Lora Risco, Alejandro  |e autor  |9 325106 
245 1 0 |a Crítica de la poesia mestiza: una incursión en la memoria colectiva del hombre hispanoamericano 
300 |a 336 p 
942 |c BK 
945 |d 19940121 00:00:00  |a rbrito 
260 |a Santiago  |b Academia Superior de Ciencias Pedagógicas  |c 1982 
650 7 |a POESIA HISPANOAMERICANA  |2 CL-VaPUC  |9 267889 
650 0 |a Historia y crítica   |9 257407 
583 |a last modification  |c 19940121 00:00:00  |k Rodrigo Vera 
999 |c 227695  |d 227693 
952 |0 0  |1 0  |4 0  |6 H_861_090000000000000_LOR_1982  |7 0  |8 A  |9 226870  |a BIBEDU  |b BIBEDU  |d 2019-11-15  |i 295897K  |o H861.09 LOR 1982  |p 295897K  |r 2019-11-15  |w 2019-11-15  |y BK  |k LIT 
952 |0 0  |1 0  |4 0  |6 H_861_090000000000000_LOR_1982  |7 0  |8 A  |9 226871  |a BIBEDU  |b BIBEDU  |d 2019-11-15  |i 3267199  |o H861.09 LOR 1982  |p 3267199  |r 2019-11-15  |w 2019-11-15  |y BK  |k LIT